[Event "RUS-Cup4"]
[Site "Perm"]
[Date "1997.02.10"]
[Round "3"]
[White "Prokopchuk, Evgeny"]
[Black "Brodsky, Michail"]
[Result "1-0"]
[WhiteElo "2440"]
[BlackElo "2515"]
[Annotator "Ribli,Z"]
[PlyCount "116"]
[EventDate "1997.02.02"]
[EventType "swiss"]
[EventRounds "9"]
[EventCountry "RUS"]
[SourceTitle "CBM 058"]
[Source "ChessBase"]
[SourceDate "1997.06.01"]
[SourceVersion "1"]
[SourceVersionDate "1997.06.01"]
[SourceQuality "1"]

1. e4 {Hecht} c5 2. c4 $6 {Eine ungewönliche Nebenvariante. Ich glaube, die
"englische" Variante ist besser fuer Weiss nach 2.Nf3 e6 und jetzt 3.c4.Ribli.}
e6 $6 (2... d6 $1 3. Nf3 Bg4 $1 {[%csl Rd4] Mit Uebergang in der Partie
Kortchnoi-Topalov,Vienna 1996, wo Schwarz mindestens gleichen Chancen hatte.
Ribli.}) (2... g6 3. Nf3 Bg7 4. d4 cxd4 5. Nxd4 Nc6 6. Be3 Nf6 7. Nc3 {[%csl
Yc4,Yd4,Ye4] führt zur Maroczy-Variante.Ribli.}) 3. Nc3 Nc6 4. Nf3 Nf6 5. Be2
d5 (5... b6 6. d4 (6. O-O Bb7 7. Re1 $6 (7. d4 $5) 7... Qb8 8. h3 Bd6 9. d4
cxd4 10. Nxd4 Bh2+ 11. Kh1 Nxd4 12. Qxd4 Be5 $17 {[%csl Re4][%cal Re5b2,Re5h2,
Rf6e4,Rb7e4] Ruck,R-Ribli,Z/HUN-t/1996/}) 6... cxd4 7. Nxd4 Nxd4 8. Qxd4 Bc5 {
Smirin-Soffer/Tel Aviv Cup/1996/ Das ist eine Alternative, bei der die Chancen
etwa gleich sind, aber die Partiefortsetzung sieht aucht natürlich aus.Ribli.})
(5... Be7 $5 6. d4 cxd4 7. Nxd4 O-O 8. O-O d5 $11) 6. exd5 (6. cxd5 exd5 7. e5
$5) 6... exd5 7. d4 {Weiss spielt genügsam, aber in dieser nicht nur
symmetrischen, sondern auch offenen Stellung haben Tempovorteile immer eine
Bedeutung. Schwarz muß sehr präzise spielen, um Ausgleich zu bekommen.Ribli.}
Be6 $6 (7... Be7 8. Be3 cxd4 9. Nxd4 Nxd4 10. Qxd4 dxc4 11. Qxd8+ Bxd8 12. Bxc4
O-O 13. O-O a6 $5 {Das ist die beste Variante fuer Schwarz, wonach er
ungefaehr Ausgleich hat.Ribli.}) 8. cxd5 (8. O-O $5 dxc4 9. Be3 cxd4 10. Nxd4
Nxd4 11. Bxd4 Be7 12. Qa4+ $14 {Adorjan,A-Horvath,Jo/HUN-ch/1995/ Weiss hat
die bessere Entwicklungund kann den Bauern leicht zuerück gewinnen. Mit
schnellem Rfd1 hat er auch aktives Spiel.Ribli.}) 8... Nxd5 9. O-O Be7 10. Nxd5
$146 (10. Ne4 cxd4 11. Nxd4 Nxd4 12. Qxd4 O-O 13. Nc5 {[#]} Nf4 $1 (13... Bxc5
14. Qxc5 b6 15. Qd4 Rc8 16. Bf3 Qf6 17. Rd1 $14 {Prokopchuk-Pokorny/Pardubice
op/1996/}) 14. Qxf4 Bxc5 $11 {Bezold,M-Hellsten/Bermuda/1997/}) 10... Bxd5 (
10... Qxd5 $5 11. Be3 cxd4 12. Nxd4 Nxd4 13. Qxd4 Qxd4 14. Bxd4 O-O 15. Bf3 {
[%cal Rd4a7,Rf3b7] Auf ersten Blick scheint es, daß Weiss - dank seiner zwei
aktiven Läufer auf den langen Diagonalen - etwas besser steht, aber Schwarz
hat leichten Ausgleich. Ribli.} Rfd8 16. Rfd1 Bd5 $11) 11. dxc5 Bxc5 12. Bg5 f6
$6 {Dieser Zug gefällt mir gar nicht. Schwarz schwächt freiwillig seine
Königsstellung.Ribli.} (12... Be7 13. Bxe7 Nxe7 14. Qa4+ (14. Qd4 O-O $11)
14... Bc6 $11) 13. Qc2 Qb6 14. Rad1 $1 Nb4 (14... O-O-O $4 15. Qf5+ $18) (14...
fxg5 15. Rxd5 Nb4 16. Qe4+ $18 (16. Qxc5 $18)) 15. Qa4+ Bc6 (15... Kf7 16. a3
$40) 16. Qb3 Nd5 (16... fxg5 17. Nxg5 Rf8 18. Qe6+ Be7 19. Bh5+ g6 20. Bxg6+
hxg6 21. Qxg6+ $18) 17. Qc4 $1 (17. Bc4 Qxb3 18. Bxb3 O-O-O $1 $11 {Ich
moechte bemerken, daß wir in unserer Partie fast die gleiche Stellung haben,
aber dort steht der weiße Läufer auf h4 statt wie hier auf g5, und das ist ein
großer Unterschied.Ribli.}) 17... Qb4 (17... fxg5 18. Rxd5 Bxd5 19. Qxd5 $36
Qd6 20. Bb5+ $44) 18. Bh4 Qxc4 (18... O-O-O $5 19. Nd4 $14 Bxd4 20. Rxd4 Qxc4
21. Bxc4) 19. Bxc4 O-O-O 20. Bxd5 $1 {Ich glaube, Schwarz hat diesen Zug
übersehen.Ribli.} (20. Nd4 $14) 20... Bxd5 (20... Rxd5 21. Rxd5 Bxd5 22. Rc1
$18) 21. Rc1 b6 22. b4 Bxf3 23. bxc5 (23. gxf3 {Diese Variante ist ebenfalls
vorteilhaft für Weiss, aber die Partiefortsetzung bietet mehr.Ribli.} Rd4 24.
bxc5 Rxh4 25. cxb6+ Kb7 26. Rc7+ (26. bxa7 Ra8 27. Rfe1 $14) 26... Kxb6 27.
Rxg7 $14) 23... Bc6 $6 (23... Bd5 $5 24. cxb6+ Kb7 25. bxa7 (25. Rc7+ $5 Kxb6
26. Rxg7 Rhg8 27. Bxf6 Rxg7 28. Bxd8+ Kb5 29. f3 $14) 25... Rd7 $14) 24. cxb6
Kb7 25. bxa7 Rc8 26. Rfe1 Rhd8 27. f3 {Der beste Bauernaufbau: der Bc6 ist
jetzt nicht so stark und später hat der weiße König einen guten Platz auf f2.
Ribli.} Rd2 (27... Kxa7 $2 28. Re7+ Rd7 29. Rxc6 $18) 28. Re7+ Rd7 29. Re6 Bd5
$8 {Sonst kommt 30.Rexc6.Ribli.} 30. Rxc8 Kxc8 31. Ra6 Ba8 32. h3 {[%cal Yh4f2,
Yf2a7] Präzise gespielt. Der B kommt von f2 und der Koenig hat Raum auf h2.
Ribli.} Kb7 33. Ra3 Rd1+ 34. Kh2 Rd2 35. Be1 Rb2 36. Bc3 Rc2 37. Bd4 {[%csl
Gd4]} Kc7 38. Kg3 h5 {Es ist psychologisch verstaendlich, daß Schwarz Lust
verspürt aktiv zu spielen, aber ich glaube, es wäre besser nur zu warten.Ribli.
} (38... Rd2) 39. h4 Kd7 40. Ra5 $1 {Dank des schwarzem 38.Zug führt dieses
Manöver zu einem gewonnenen Turmendspiel für Weiss.Ribli.} Rd2 (40... g6 41.
Bxf6 $16) 41. Rxh5 Rxd4 42. Rh8 Bc6 43. a8=Q Bxa8 44. Rxa8 $16 {Mit zwei
Bauern mehr kann Weiß die Partie gewinnen. Ein Problem ist, daß er den
a-Randbauern hat und der andere Mehrbauer am Königsflügel. Mit verbundenen
Bauern wäre es viel einfacher fuer Weiß.Ribli.   [#] Hecht der weiße Freibauer
wird von v o r n unterstützt, was die schwarzen Remischancen mit eigenem
Turmangriff von hinten erheblich steigert. Hier hat Weiß keine Probleme weil
er einen Mehrbauern am Königsflügel hat.} Ke7 45. Ra7+ Kf8 46. Kh3 Kg8 47. g4
Rd1 48. h5 {Weiss spielt thematisch, er läßt keine Rettungchancen zu.Ribli.}
Rd3 49. Kg3 Rc3 50. a4 Ra3 51. a5 Ra4 52. Ra8+ Kh7 (52... Kf7 53. a6 Ra2 54. a7
{Statt dessen es gibt natürlich andere Möglichkeiten, z.B. den Königsmarsch
zum Damenflügel.Ribli.} Ke7 $2 (54... Ra4 55. h6 gxh6 (55... Kg6 56. Rg8 Rxa7
57. Rxg7+ Rxg7 58. hxg7 Kxg7 {Das Bauernendspiel ist fuer Weiss gewonnen.Ribli.
} 59. f4 Kf7 60. Kf3 Ke6 61. Ke4 (61. Ke3 Kd5 62. Kd3 Ke6 63. Kd4) 61... f5+ $2
$11) 56. Rh8 $18) 55. Rg8 $18) 53. a6 Ra3 54. Kf4 Ra4+ 55. Kf5 Ra3 56. Ke4 Ra4+
57. Kd5 Rf4 58. a7 (58. Rb8 $1 {Hecht} Ra4 (58... Rxf3 $140 59. a7 $18) 59. Rb6
Kh6 60. Kc6 Kg5 61. Kb7 Kf4 62. Rb3 $18 {wäre der effektivere und denkbar
einfache Gewinnweg gewesen.}) 58... Ra4 {[%cal Yf3f4,Yg4g5,Yg5g6,Ya8h8] Und
Schwarz gab gleichzeitig auf, da Weiß leicht gewinnt mit dem Plan f4-g5-g6 und
Rh8, und Schwarz kann nichts machen.Ribli.} (58... Ra4 {Hecht} 59. f4 Ra1 {
Schwarz hat nur Wartezüge mit dem Turm} (59... g6 60. hxg6+ Kg7 61. f5 Ra1 62.
g5 fxg5 63. f6+ $18) 60. f5 {Das Standardgewinnverfahren, um den f-Bauern frei
zu bekommen.} (60. Ke6 $1 Re1+ 61. Kf7 Ra1 62. g5 fxg5 63. fxg5 Rf1+ 64. Ke6
Re1+ 65. Kd5 Rd1+ 66. Ke4 Re1+ 67. Kf3 Rf1+ 68. Kg2 Ra1 69. g6+ Kh6 70. Rh8+
$18) (60. g5 $2 {führt entweder sofort zum Remis, oder erlaubt Gegenspiel mit
dem freien g-Bauern} fxg5 61. fxg5 $2 (61. f5 g4 62. h6 (62. Ke4 Ra3 {[%cal
Rg4g1]}) 62... g3 63. hxg7 Kxg7 64. f6+ Kf7 65. Rh8 g2) 61... g6 $11) 60...
Rd1+ 61. Ke4 Re1+ 62. Kf3 Rf1+ 63. Kg2 Ra1 64. g5 Ra2+ 65. Kf3 Ra3+ 66. Ke4
Ra4+ 67. Kd3 Ra3+ 68. Kc4 fxg5 69. h6 g4 (69... Kxh6 70. Rh8#) (69... gxh6 70.
f6 Kg6 71. Rg8+ Kxf6 72. a8=Q Rxa8 73. Rxa8 Ke5 74. Kd3 Kf4 75. Ke2 $18) 70.
hxg7 Kxg7 71. f6+ Kxf6 72. Rf8+ Ke5 73. a8=Q Rxa8 74. Rxa8 Ke4 75. Rg8 Kf3 76.
Kd3 g3 77. Rf8+ $18) 1-0

[Event "EU-Cup 19th"]
[Site "Rethymno"]
[Date "2003.10.03"]
[Round "6.4"]
[White "Filippov, Valerij"]
[Black "Lautier, Joel"]
[Result "0-1"]
[WhiteElo "2630"]
[BlackElo "2677"]
[Annotator "Ribli,Z"]
[PlyCount "64"]
[EventDate "2003.09.28"]
[EventType "team-swiss"]
[EventRounds "7"]
[EventCountry "GRE"]
[SourceTitle "CBM 098"]
[Source "ChessBase"]
[SourceDate "2004.02.03"]
[SourceVersion "1"]
[SourceVersionDate "2004.02.03"]
[SourceQuality "1"]
[WhiteTeam "Tomsk 400"]
[BlackTeam "Paris NAO"]
[WhiteTeamCountry "RUS"]
[BlackTeamCountry "FRA"]

1. Nf3 c5 2. c4 Nf6 3. Nc3 d5 {Dieser Zug wird relativ selten gespielt, die
Alternativen 3...e6 und 3...Nc6 sind populärer.} 4. cxd5 Nxd5 5. d4 {Statt
dieser Fortsetzung kann Weiß auch 5.g3, 5.e3 und hauptsächtlich 5.e4 spielen.}
Nxc3 6. bxc3 g6 7. e3 (7. Bf4) (7. e4 {Nach diesem Zug - mit Zugumstellung -
haben wir eine Grundstellung der Grünfeld-Indischen Verteidigung.}) 7... Bg7 8.
Bd3 O-O 9. O-O Qc7 10. Qe2 {Wir haben eine Stellung, die sehr typisch in der
Grünfeld-Indischen Verteidigung ist. Weiß hat eine starke Zentrumsstellung und
möchte später e3-e4 ziehen, aber Schwarz hat auch seine Chancen; er
kontrolliert das Zentrum.} Rd8 (10... b6 11. Rd1 Bb7 (11... Nc6 12. Be4 Rb8 13.
Ba3 Nd8 14. dxc5 bxc5 15. Qc4 Ne6 16. Bd5 {1-0 Adorjan,A-Tseshkovsky,V/Riga
1979/IZT (66)}) 12. e4 $1 $14 Nc6 13. Be3 Rad8 14. Rac1 Na5 15. d5 Bc8 16. Bg5
f6 17. Bd2 e5 18. Rb1 Bd7 19. Ba6 Nb7 20. Bxb7 $1 Qxb7 21. Be3 {Ribli. 1-0 Tal,
M-Lin Ta/Manila 1990/CBM 19/[Ribli] (62)}) (10... Nc6 11. Ba3 b6 12. Rab1 Rd8
13. Be4 Bb7 14. dxc5 Bxc3 15. Rfc1 Bf6 16. h4 Qd7 17. Ng5 Ne5 18. Rd1 Qc7 19.
f4 Bxe4 20. Nxe4 Nd7 21. Nxf6+ {1/2-1/2 Kramnik,V-Van Wely,L/Monte Carlo 1999/
CBM 69 ext (21)}) 11. Rd1 (11. Rb1 b6 12. Rd1 Bb7 13. e4 cxd4 14. cxd4 Nc6 15.
d5 Nd4 16. Nxd4 Bxd4 17. Bc4 $14 {0-1 Ribli,Z-Tal,M/Reykjavik 1988/CBM 10 (29)}
) 11... b6 12. Bb2 (12. Ba3 Bb7 13. Rac1 Nc6 14. Nd2 Qd7 15. Nb3 cxd4 16. cxd4
e6 17. Bc4 a5 18. Bb5 a4 19. Nd2 Qd5 20. Nf3 {1-0 Razuvaev,Y-Topakian,R/Biel
1994/TD (36)}) 12... Nc6 {Das ist der natuerliche Platz fuer den Springer.} 13.
Rac1 Bb7 14. e4 e6 {Schwarz muss den Raumgewinnzug 15.d5 verhindern.} 15. Qe3 {
Auf diese Weise Weiss verstaerkt den d4-Punkt und vermeidet den aktive
schwarze Damezug Qc7-f4.} (15. h4 Rac8 16. h5 Qf4 17. hxg6 hxg6 18. Bb1 Na5 19.
Re1 Qg4 {1/2-1/2 Kramnik,V-Topalov,V/Wijk aan Zee 1998/CBM 63/[Khalifman] (25)}
) 15... Rd7 $146 {[%cal Ga8d8,Gd8d1] Mit diesem logischem Zug Schwarz moechte
die Tuerme auf der d-Linie doppeln} (15... Rac8 16. h4 h6 17. Be2 Qe7 18. h5 g5
19. Ba3 Bf8 20. dxc5 Qf6 21. e5 Qf4 22. Qxf4 gxf4 23. Rxd8 Rxd8 24. Rd1 Rxd1+
25. Bxd1 Nb8 26. Bc1 {1/2-1/2 Portisch,L-Kasparov,G/Madrid 1988/EXT 97 (69)})
16. h4 h6 {Ein nuetzlicher profilaktischer Zug. Jetzt nach 17.h5 Schwarz kann
17...g5 spielen.} (16... Rad8 17. h5 $14) 17. Ba3 Rad8 18. h5 (18. dxc5 bxc5
19. Be2 $11 (19. Bxc5 $2 Ne5 $1 20. Nxe5 (20. Bd4 $2 Nxd3 21. Rxd3 e5 $19)
20... Bxe5 21. Rb1 Bxe4 22. Qxe4 Qxc5 $17)) 18... g5 19. e5 {[%cal Re3e4,Rd3h7,
Rh7g8]} Ne7 $1 $13 {Mit diesem Zug Schwarz verteidigt sich gegen 20.Qe4 und
der Springer kann auf d5, oder auf f5 erscheinen.} 20. Nxg5 $6 {Dieses Opfer
ist scheinbar gut, aber Weiss hat nicht die nuetzliche Mehrheit am
Koenigsfluegel.} (20. Ne1) 20... Nd5 (20... hxg5 21. Qxg5 Kf8 22. h6 Bh8 23. h7
$13) 21. Qg3 (21. Qe4 Nf6 (21... hxg5 22. Qh7+ Kf8 23. h6 Bxe5 24. dxe5 Qxe5
$13) 22. Qe2 hxg5 23. exf6 Bxf6 $11) 21... hxg5 22. Qxg5 f5 $3 {[%cal Gc7g7]
[%mdl 256] Mit diesem ausgezeichnetem Verteidigungszug gibt Schwarz eigentlich
die Figur zurück, aber in folgendem bekommt er Angriff am Königsflügel.} (22...
Kf8 23. h6 Bh8 24. h7 $36) 23. h6 (23. exf6 Nf4 (23... Nxf6 24. h6 $16) 24. h6
Bxg2 {[%cal Rf4h3,Rh3g1,Rh3g5] Droht jetzt 25...Nh3+ mit Gewinn.} 25. Qg3 Be4
26. Bf1 Ne2+ 27. Bxe2 Qxg3+ 28. fxg3 Bxh6 $36) 23... Kh8 24. c4 (24. hxg7+ Rxg7
{[%csl Rg1,Rg5][%cal Rg7g1]} 25. Qh6+ Rh7 26. Qxe6 (26. Qd2 Qe7 $17 {[%csl Rg1]
[%cal Re7h4,Rh7h1]}) 26... Bc8 27. Qg6 Rg8 28. Qd6 Qxd6 29. exd6 Nf4 30. Bf1
Nh3+ 31. Kh2 Nxf2+ 32. Kg1 Nxd1 (32... Nh3+ {Schwarz hat mindestens
Dauerschach.}) 33. Rxd1 cxd4 $17) {[#]} 24... Bxe5 $1 25. dxe5 $2 (25. cxd5 Rg8
26. Qh4 Rg4 27. Qh5 Bxd4 $36) 25... Rg8 $17 {[%mdl 128] Schon jetzt ist es
Schwarz, der Angriff hat.} 26. Qd2 (26. Qh4 Rg4 $19) 26... Ne7 {[%csl Rg1,Rg2]}
(26... Nb4 $1 $19 {[%csl Rd3,Rg1][%cal Rd7d1,Rg8g1]}) 27. Kf1 {Was kann Weiß
machen? Er kann seinen g2-Bauern nicht verteidigen.} (27. g3 Qc6 $19) (27. f3
Bxf3 $19) 27... Bxg2+ 28. Ke2 Nc6 {[%csl Re2][%cal Rc6d4,Rd4e2]} 29. Qe3 Rd4
$19 (29... f4 30. Qxf4 Rf7 $19) 30. f4 Be4 31. Qh3 Qd7 (31... Nxe5 32. fxe5
Qxe5 $19 {[%csl Re2][%cal Re5e2]}) 32. Bb2 Bxd3+ (32... Bxd3+ 33. Rxd3 Rxd3 34.
Qxd3 Rg2+ $19) 0-1

[Event "Mitropa Cup 19th"]
[Site "Baden"]
[Date "1999.04.07"]
[Round "6"]
[White "Stangl, Markus"]
[Black "Palac, Mladen"]
[Result "1-0"]
[WhiteElo "2545"]
[BlackElo "2589"]
[Annotator "Ribli,Z"]
[PlyCount "93"]
[EventDate "1999.04.01"]
[EventType "team-tourn"]
[EventRounds "9"]
[EventCountry "SUI"]
[SourceTitle "CBM 071"]
[Source "ChessBase"]
[SourceDate "1999.08.01"]
[SourceVersion "1"]
[SourceVersionDate "1999.08.01"]
[SourceQuality "1"]

{[%mdl 12288]} 1. Nf3 Nf6 2. c4 c5 3. Nc3 d5 {Eine relativ selten gespielte,
aber meines Erachtens gute Fortsetzung. Theoretisch ist es nicht logisch,daß
Schwarz die Stellung öffnet, aber mit den konkreten Varianten kann Schwarz
zufrieden sein. Ribli.} 4. cxd5 Nxd5 5. d4 {Statt dieses Zuges hat Weiß viele
Alternativen: 5.g3, 5.e3 und 5.e4.} Nxc3 6. bxc3 g6 {Das lädt zur
Grünfeld-Indischen Verteidigung ein. Weiß gelangt mit 7.e4 in eine beliebte
Hauptvariante.} 7. Bf4 {Eine seltene Fortsetzung. Häufiger wird 7.e3 gespielt,
aber die prinzipielle Fortsetzung ist natürlich 7.e4.} Bg7 8. e3 {Weiß hat ein
massives Bauernzentrum (c3/d4/e3) und sein Läufer steht aktiv auf f4.} Qa5 (
8... cxd4 9. cxd4 Qa5+ 10. Qd2 Qxd2+ 11. Kxd2 $14 O-O 12. Bd3 Nc6 13. Be4 Bd7
14. Rhc1 Rac8 15. Rab1 b6 16. Bd3 Na5 17. Ba6 Rxc1 18. Rxc1 {1-0 Kortschnoj,
V-Hutchings,S/Nice 1974/MCD (40)}) (8... O-O 9. Be2 Nd7 10. O-O b6 11. Qb3 Bb7
12. Rfd1 Qc8 13. a4 Ba6 14. Bb5 {1-0 Preuschoff,M-Schoen,W/Porz 1992/TD (36)})
9. Qd2 Nc6 {Die Stellung ist typisch für die Grünfeld-Indische Verteidigung.
Weiß hat Übergewicht im Zentrum, aber Schwarz kontrolliert besonders dank
seines Läufers g7 die wichtigsten Zentrumsfelder und es ist nicht leicht für
Weiß, seine Bauern im Zentrum zu mobilisieren.} (9... O-O 10. Rb1 (10. Be2 Nc6
11. Rb1 (11. O-O Rd8 12. Qb2 a6 13. a4 cxd4 14. cxd4 e5 15. dxe5 Be6 16. h3 Bd5
17. Ra3 Bxf3 18. Bxf3 Nxe5 19. Bxe5 Bxe5 20. Qxb7 {1-0 Heinemann,T-Schoen,W/
BL9091 1991/GER-chT (51)}) 11... cxd4 12. cxd4 Qxd2+ 13. Kxd2 Rd8 14. Bb5 Bf5
15. Bxc6 Bxb1 16. Bxb7 Bxa2 17. Bxa8 Rxa8 18. Ra1 Bd5 19. Ra5 e6 20. Bd6 Bf6
21. Ne1 Bd8 22. Ra1 a5 23. f3 a4 {1/2-1/2 Portisch,L-Timman,J/Tilburg 1980/MCD
(23)}) 10... b6 (10... cxd4 11. cxd4 Qxd2+ 12. Kxd2 b6 13. Rc1 Be6 14. Bd3 Nd7
15. Ba6 Nf6 16. Bb7 Rad8 17. Rc7 Bxa2 18. Ra1 Bd5 19. Rxa7 {1-0 Ahrens,
M-Gruenberg,R/GER-chW 1993/EXT 98 (41)}) 11. Be5 Ba6 12. Bxa6 Qxa6 13. dxc5 Nc6
14. Bxg7 Kxg7 15. Qe2 Qa3 16. cxb6 Qxc3+ 17. Qd2 Qxd2+ {1/2-1/2 Zvjaginsev,
V-Ionov,S/St. Petersburg 1998/CBM 67 noVC (17)}) 10. Rb1 $1 {[%cal Gb1b7]
Dieser Turmzug ist viel logischer als die schablonenhafte Alternative 10.Rc1.
Mit dem Textzug kontrolliert Weiß die halboffene b-Linie und droht 11.Rb5.} (
10. Rc1 O-O 11. Bc4 Rd8 12. Ng5 e6 13. Ne4 cxd4 14. exd4 e5 15. Bg5 exd4 16.
Bxd8 Qxd8 17. O-O Qh4 {1/2-1/2 Zapletal,J-Prymula,R/Pardubice 1992/TD (54)})
10... cxd4 11. cxd4 O-O (11... Qxd2+ 12. Kxd2 $14 {Der weiße König ist
zentralisiert und im folgenden kann Weiß mit Bd3, Rhc1 aktives Spiel bekommen.}
) 12. Bd3 $1 $14 (12. Qxa5 $6 Nxa5 13. Bd3 Be6 $11 {[%csl Yc4]}) 12... b6 (
12... Qxd2+ $5 13. Kxd2 b6 14. Be4 Bb7 15. Rhc1 Rfc8) 13. Be4 Bb7 (13... Qxd2+
14. Kxd2 Bb7) 14. Qxa5 {Jetzt muß Weiß selbst die Damen tauschen, denn er hat
schon alle mögliche Wartezüge gespielt.} (14. O-O Qxd2 15. Nxd2 Rac8 $11) 14...
Nxa5 15. Bxb7 Nxb7 {Der Springer steht nicht besonders gut auf b7. Weiß hat
die Bauernmehrheit im Zentrum, aber die Stellung ist nicht einfach, denn
Schwarz hat keine besonderen Schwächen.} 16. Ke2 Rfc8 17. Rhc1 Kf8 {Schwarz
möchte ...Ke8-d7 spielen und die Türme tauschen.} 18. h4 $1 $36 {Weiß
mobilisiert seine Reserven. Der Vormarsch des h-Bauers ist für Schwarz
unangenehm.} Ke8 (18... h5 $5) 19. h5 f6 $6 {Dieser Zug gefällt mir nicht.
Schwarz möchte 20...g5 spielen, aber sein Läufer wird eingeschlossen.} (19...
Kd7 20. h6 $14) (19... gxh5 20. Rh1 Rc2+ 21. Nd2 Rxa2 22. Rxh5 $14) 20. g4 g5
21. Bg3 e6 (21... Kd7) 22. Nd2 {[%cal Gf2f4]} h6 $6 23. f4 gxf4 24. Bxf4 e5 {
Endlich möchte Schwarz die Diagonale für seinen Läufer öffnen.} 25. Bg3 {
Weiß tauscht nicht auf e5, denn Schwarz bekäme das Feld c5 für seinen Springer.
} (25. dxe5 fxe5 26. Bg3 Rxc1 27. Rxc1 Nc5 28. Nc4 $14) 25... exd4 26. exd4 f5
27. gxf5 Bxd4 28. Bf4 {Weiß hat die Initiative, aber das Material ist
reduziert,so daß die Remischancen des Schwarzen gut sein dürften.} Kf7 (28...
Bg7 29. Ne4 $14) 29. Bxh6 Kf6 30. Rf1 {[%cal Rd2e4,Re4f6]} Nc5 (30... Re8+ 31.
Kd3 Rad8 32. Ne4+ Kf7 33. Ng5+ $40) 31. Rb4 (31. Nf3 $5) 31... Re8+ 32. Kf3 (
32. Kd1 $6 Rad8 $132) 32... Rad8 33. Nb3 Nxb3 (33... Be5 $5 34. Nxc5 bxc5 35.
Ra4 $14) 34. axb3 Rh8 $6 {Schwarz möchte den h5-Bauern nehmen, aber der Turm
steht ein wenig unglücklich auf h8.} (34... a5 $5 35. Rc4 Bc5 $11) 35. Bc1 $5 {
Eine schlauer Zug. In einigen Varianten - wie in der Partie - erscheint der
Läufer in der a1-h8-Diagonalen.} Rxh5 36. Kg4 Bc5 $2 {Ein unglücklicher
Zwischenzug.} (36... Rdh8 $1 37. Rxd4 Rh4+ 38. Kg3 (38. Kf3 Rxd4 39. Bb2 Rh3+ (
39... Rhh4 $11)) 38... Rxd4 39. Bb2 {[%cal Rb2h8]} Rhh4 (39... Rg8+ 40. Kf3
Rgg4) (39... Rhd8 $2 40. Rf4 Ke5 41. Bxd4+ Rxd4 42. Rxd4 Kxd4 43. f6 $18) 40.
Rd1 Rhg4+ $11) 37. Re4 $16 {[%csl Rd8,Rf6,Rh5] Nach diesem Zug kann Schwarz
die verschiedenen Drohungen 38.Kxh5, 38.Bg5, 38.Bb2 nicht gleichzeitig
verteidigen.} Rhh8 {Schwarz hat keine Wahl.Er muß die Qualität geben.} (37...
Rdh8 38. Bb2+ $16 {[%cal Rb2h8]}) 38. Bb2+ {[%cal Rb2h8]} (38. Bg5+ $16 {
[%cal Rg5d8]}) 38... Kf7 39. Bxh8 Rxh8 40. Rd1 {[%csl Gd1,Ge4,Rf7][%cal Rd1d7,
Rd7f7,Rd7a7] Die Mehrqualität und die aktive Turmstellung bieten dem Weißen
gute Gewinnchancen.} Rg8+ 41. Kf4 a5 42. Rd7+ Kf8 (42... Kf6 43. Re6#) 43. Rd8+
{Mit diesem Zug tauscht Weiß die Türme und bekommt ein leicht gewonnenes
Endspiel.} Kf7 44. Rxg8 Kxg8 45. f6 $18 {[%csl Gf6] Der weiße f-Bauer
entscheidet die Partie.} Kf7 46. Kf5 Ba3 47. Rh4 {[%csl Gf5,Gf6,Gh4][%cal
Rh4h7,Rh7f7] Schwarz gab auf.} 1-0